000
00290nam a2200121 a 4500
008
110427s1971|||| d
245
1
0
_a
Anglicko-český a Česko-anglický slovník
260
_a
Praha
_b
SPN
_c
1971
020
_c
54
044
_a
CZ
041
_a
cze
100
1
_a
Poldauf, Ivan
999
_c
17723
_d
17723